| 000 | 04670cgm a2200877Ia 4500 | ||
|---|---|---|---|
| 001 | ocn163952543 | ||
| 003 | OCoLC | ||
| 005 | 20241220121339.0 | ||
| 007 | vd cvaizk | ||
| 008 | 070813s2007 cau111 g vaeng d | ||
| 020 | _a0788875477 | ||
| 020 | _a9780788875472 | ||
| 024 | 1 | _a786936727173 | |
| 028 | 4 | 2 |
_a53714 _bWalt Disney Home Entertainment |
| 035 | _a(Sirsi) i9780788875472 | ||
| 035 | _a(OCoLC)163952543 | ||
| 040 |
_aTEFMT _cTEFMT _dTEF _dBTCTA _dTEF _dMR0 _dJED _dOCLCQ _dUINTA _e |
||
| 041 | 1 |
_aeng _aspa _beng _heng |
|
| 043 | _ae-fr--- | ||
| 049 | _aUCLB | ||
| 050 | 1 | 4 |
_aPN1995.9.C55 _bR3838685554 2007 |
| 082 | 0 | 4 |
_a791.43/72 _222 |
| 092 | _a791.437 | ||
| 130 | 0 |
_aRatatouille (Motion picture) _955867 |
|
| 245 | 1 | 0 | _aRatatouille |
| 260 |
_aBurbank, CA : _bWalt Disney Home Entertainment : | Distributed by Walt Disney Studios Home Entertainment,Walt Disney Home Entertainment : _bDistributed by Buena Vista Home Entertainment, _cc2007. |
||
| 264 |
_aBurbank, CA : _bWalt Disney Home Entertainment : | Distributed by Walt Disney Studios Home Entertainment,Walt Disney Home Entertainment : _c2007 |
||
| 300 |
_a1 videodisc (ca. 111 min.) : _bsd., col. ; _c4 3/4 in. |
||
| 500 | _aSpecial features: all-new exclusive short - Remy and Emile present "Your friend the rat;" deleted scenes; never-before-seen documentary featuring director Brad Bird. | ||
| 508 | _aDirectors of photography, Robert Anderson, Sharon Calahan ; animation directors, David DeVan, Michael Venturini ; editor, Darren Holmes ; music, Michael Giacchino ; production designer, Harley Jessup ; visual effects supervisor, Apurva Shah. | ||
| 511 | 0 | _aVoices: Patton Oswalt, Ian Holm, Lou Romano, Brian Dennehy, Peter Sohn, Peter O'Toole, Brad Garrett, Janeane Garofalo, Will Arnett, Julius Callahan, James Remar, John Ratzenberger. | |
| 520 | _aA rat named Remy dreams of becoming a great chef despite his family's wishes and the obvious problem of being a rat in a decidedly rodent-phobic profession. When fate places Remy in Paris, he finds himself ideally situated beneath a restaurant made famous by his culinary hero. Despite the apparent dangers of being an unwanted visitor in the kitchen of one of Paris' most exclusive restaurants, Remy forms an unlikely partnership with Linguini, the garbage boy, who inadvertently discovers Remy's amazing talents. They strike a deal, ultimately setting into motion a chain of extraordinary events that turns the culinary world of Paris upside down. | ||
| 521 | 8 | _aMPAA rating: G. | |
| 538 | _aDVD ; Region 1 ; widescreen (2.35:1) presentation ; Dolby Digital 5.1 surround, Dolby Digital 2.0 stereo. surround. | ||
| 546 | _aIn English or dubbed Spanish, with English subtitles. | ||
| 546 | _aClosed-captioned. | ||
| 650 | 0 |
_aRats _zFrance _zParis _vDrama. _96479245 |
|
| 650 | 0 |
_aRestaurants _zFrance _zParis _vDrama. _96479246 |
|
| 650 | 0 |
_aCookery _zFrance _zParis _vDrama. _96479247 |
|
| 650 | 0 |
_aRestaurants _xEmployees _vDrama. _95704369 |
|
| 650 | 7 |
_aRestaurantes, cafeterías, etc. _zFrancia _zParís _vTeatro. _2bidex _96479248 |
|
| 650 | 7 |
_aCocina _zFrancia _zParís _vTeatro. _2bidex _96479249 |
|
| 650 | 7 |
_aRats _zFrance _vParis _vDrama. _2sears _96479250 |
|
| 650 | 7 |
_aRestaurants _zFrance _vParis _vDrama. _2sears _96479251 |
|
| 650 | 7 |
_aCooking _zFrance _zParis _vDrama. _2sears _96479252 |
|
| 650 | 7 |
_aRestaurants _xEmployees _vDrama. _2sears _95704369 |
|
| 651 | 0 |
_aParis (France) _vDrama. _95756540 |
|
| 651 | 7 |
_aParis (France) _vDrama. _2sears _95756540 |
|
| 655 | 0 |
_aFeature films. _96178780 |
|
| 655 | 0 |
_aAnimated films. _96178781 |
|
| 655 | 0 |
_aComedy films. _96178782 |
|
| 655 | 0 |
_aFilms for the hearing impaired. _96178783 |
|
| 655 | 7 |
_aComedy _vAnimation _vFeature. _2local _95693065 |
|
| 655 | 7 |
_aAnimal _vAnimation _vFeature. _2local _95745615 |
|
| 700 | 1 |
_aLewis, Brad. _949814 |
|
| 700 | 1 |
_aBird, Brad, _d1957- _971557 |
|
| 700 | 1 |
_aCopobianco, Jim. _96178784 |
|
| 700 | 1 |
_aPinkava, Jan, _d1963- _974548 |
|
| 700 | 1 |
_aOswalt, Patton, _d1969- _956514 |
|
| 700 | 1 |
_aHolm, Ian, _d1931- _927566 |
|
| 700 | 1 |
_aRomano, Lou. _958426 |
|
| 700 | 1 |
_aDennehy, Brian. _938283 |
|
| 700 | 1 |
_aSohn, Peter. _921828 |
|
| 700 | 1 |
_aO'Toole, Peter, _d1932- _920175 |
|
| 700 | 1 |
_aGarrett, Brad, _d1960- _977092 |
|
| 700 | 1 |
_aGarofalo, Janeane. _963945 |
|
| 700 | 1 |
_aArnett, Will. _972450 |
|
| 700 | 1 |
_aCallahan, Julius. _974864 |
|
| 700 | 1 |
_aRemar, James. _925945 |
|
| 700 | 1 |
_aRatzenberger, John. _963524 |
|
| 710 | 2 |
_aWalt Disney Pictures. _922141 |
|
| 710 | 2 |
_aPixar (Firm) _932746 |
|
| 710 | 2 |
_aWalt Disney Home Entertainment (Firm) _970855 |
|
| 710 | 2 |
_aBuena Vista Home Entertainment (Firm) _964615 |
|
| 942 |
_cDVD _2ddc |
||
| 999 |
_c51004 _d51004 |
||